Scrivi lo Stato Valido #2 - Statistics

Statistiche generali
  • Questo quiz è stato fatto 7.640 volte
  • Il punteggio medio è 14 su 20
Statistiche sulle risposte
Nomina uno Stato ... Risposta % Corretto
...che inizia con Z Zambia | Zimbabwe
97%
...che è una isola-Nazione nel Mar Mediterraneo Cipro | Malta
94%
...che costituivano la Yugoslavia Bosnia ed Erzegovina | Croazia | Kosovo | Montenegro | Macedonia del Nord | Serbia | Slovenia
92%
...che è una isola-Nazione nell'Oceano Indiano Comore | Madagascar | Maldive | Mauritius | Seychelles | Sri Lanka
86%
...bagnato dal Mar Ionio Albania | Grecia | Italia
85%
...che ha un territorio entro 100 miglia dagli Stati Uniti (ma con cui non ha confini) Bahamas | Cuba | Russia
83%
...con il Peso come moneta Argentina | Cile | Colombia | Cuba | Filippine | Messico | Repubblica Dominicana | Uruguay
78%
...che confinano con la Costa Rica Nicaragua | Panama
76%
...che è per legge uno stato marxista a partito unico Cina | Cuba | Laos | Vietnam
75%
...nella cui bandiera compare un'aquila Albania | Egitto | Kazakistan | Messico | Moldavia | Montenegro | Serbia | Zambia | Zimbabwe
73%
...che si affaccia sul Golfo Persico Arabia Saudita | Bahrain | Emirati Arabi Uniti | Iran | Iraq | Kuwait | Oman | Qatar
64%
...il cui nome termina per L Isole Marshall | Nepal | Senegal
63%
...in cui scorre il fiume Mekong Cambogia | Cina | Laos | Myanmar | Thailandia | Vietnam
62%
...con il Buddismo come religione ufficiale Bhutan | Cambogia | Indonesia | Laos | Myanmar | Sri Lanka | Thailandia
61%
...con 100 milioni di Mussulmani Bangladesh | India | Indonesia | Pakistan
60%
...che ha avuto morti per Ebola nel 2014 Guinea | Liberia | Nigeria | Rep. Dem. Congo | Sierra Leone
51%
...il cui nome termina per Y Paraguay | Uruguay
50%
...il cui nome è formato da una sola sillaba Ciad | Laos
42%
...dove il baseball è lo sport popolare con più spettatori Corea del Sud | Cuba | Giappone | Nicaragua | Panama | Repubblica Dominicana | Taiwan | Venezuela
42%
...nella cui bandiera compare la Croce del Sud Australia | Brasile | Nuova Zelanda | Papua Nuova Guinea | Samoa
37%
Nessun quiz corrispondente trovato
Distribuzione punteggi
Percentuale di utenti per punteggio
Percentile per numero di risposta
I tuoi punteggi nel tempo
Non hai fatto questo quiz